000 00624nam a2200229Ia 4500
003 OSt
005 20250528155745.0
008 008 250516s9999 xx 000 0 eng d
020 _a9780063398962
040 _aSDCL
_beng
_cSDCL
041 _aeng
_2eng
084 _aX R4 LR
_qSDCL
100 _aUry, William
_9810972
245 0 _aPossible :
_bhow we survive (and Thrive) in an age of conflict
260 _aNew York:
_bHarper Collins,
_c2024.
300 _axiv,346p.
365 _aINR
_b499
630 _aEconomics
_9810973
630 _aBusiness
_9810974
650 _aReference
_9810975
942 _cTEXL
_2CC
_n0
999 _c1430590
_d1430590